000 00456nam a22001697a 4500
003 OSt
005 20140310182510.0
008 130220t xxu||||| |||| 00| 0 eng d
020 _a9780521871723
050 _aQA 76.62
_b.H984 2007
100 _aHutton, Graham
_99003
245 _aProgramming in Haskell /
_cGraham Hutton
260 _aUK :
_bCambridge University Press,
_cc2007.
300 _a171 p. :
_c25 cm.
942 _2lcc
_cSSLC
999 _c13905
_d13905